| 000 | 00707aas a2200205 4500 | ||
|---|---|---|---|
| 999 |
_c49881 _d49881 |
||
| 001 | 768714001 | ||
| 003 | CO-MdFUSB | ||
| 005 | 20171019145121.0 | ||
| 008 | 171019s1998 xxu||||| |||| 00| 0 eng d | ||
| 022 | _a0277-9935 | ||
| 040 |
_aCO-MdFUSB _bspa _cCO-MdFUSB _dCO-MdFUSB |
||
| 041 | _aeng | ||
| 100 | 1 |
_aBlevins, Dean G. _eautor |
|
| 242 | _aIdentidad denominacional y educación superior. | ||
| 245 | 1 | 0 |
_aDenominational identity and higher education _c/ Dean G. Blevins |
| 300 |
_aVolumen 2. Número 2 (1998), páginas 111-122 _c: 23 cm. |
||
| 546 | _aTexto en inglés | ||
| 773 | 0 |
_tChristian education journal _049475 _960882 _gVolumen 2. Número 2 (1998), páginas 111-122 _qPágina 111 |
|
| 942 | _cANA | ||